000 00704nam a22002537a 4500
001 000402
003 DO-SdBNP
005 20160719132437.0
007 000402
008 160719b nyu 1998 ||||| |||| 00| 0 spa d
020 _a0590036467
040 _aBPMSU
_bspa
_cBPMSU
092 _axxxxx
_bxxxxx
100 1 _a Applegate, Katherine,
_d1956-
245 1 0 _aThe Hork-Bajir chronicles /
_cK. A. Applegate.
260 _aNew York :
_bScholastic,
_c1998.
_g1999
300 _axiv, 206 p. :
_bil. ;
_c20 cm.
490 1 _aAnimorphs
500 _aIncluye datos del autor
500 _aAn Apple paperback.
830 0 _aAnimorphs
942 _2ddc
_cBK
956 _2LOPEREZ
_310
_620160719
_8BPMSU
_a00041
999 _c10945
_d10945